Nauka od A do Z - Statystyki

Ogólne statystyki
  • Ten quiz został rozwiązany 21 razy
  • Średni wynik to 13 z 22
Statystyki odpowiedzi
Nauka o... Odpowiedż % Poprawnych
A ciałach niebieskich astronomia
95%
B roślinach botanika
95%
T poznaniu Boga teologia
95%
Z zwierzętach zoologia
95%
O ptakach ornitologia
90%
G dziedziczności genetyka
75%
K mapach kartografia
70%
F działaniu organizmów fizjologia
65%
D drzewach dendrologia
60%
P organizmach kopalnych paleontologia
60%
U planowaniu miast urbanistyka
60%
I rybach ichtiologia
55%
N historii pieniądza numizmatyka
55%
H herbach heraldyka
50%
C komórkach cytologia
45%
M grzybach mykologia
45%
J Żydach judaistyka
40%
S jaskiniach speleologia
35%
E owadach entomologia
30%
W ofiarach przestępstw wiktymologia
25%
L jeziorach limnologia
20%
R planowaniu wsi ruralistyka
15%
Nie znaleziono quizów pasujących do podanych kryteriów
Rozkład punktacji
Procent ludzi z każdym wynikiem
Percentyl według liczby udzielonych odpowiedzi
Twoja historia wyników
Nie rozwiązałeś tego quizu